000 01033nam a2200277 4500
001 178448
003 ES-MaACL
005 20240527163614.0
008 110527s2009 sp |||| | spa d
020 _a978-84-92587-17-9
080 _a37.014(4-15)
245 0 3 _aLa escuela en Europa Occidental
_b: el nuevo orden y sus adversarios /
_cKen Jones, Richard Hatcher, Nico Hirtt ... [et al.] ; traducido por Salustiano Martín, María José Navarro, Fermín Rodríguez.
260 _aAlzira (Valencia) :
_bGermania,
_c[2009]
300 _a308 p. ;
_c21 cm.
490 1 _aPolis paideia ;
_v16
500 _aÍndice.
504 _aBibliografía: p. [281]-301.
650 4 _aPolítica educativa
_916294
651 7 _aEuropa occidental-
_xPolítica educativa.
_9146803
700 1 _aJones, Ken.
_9146804
700 1 _aHatcher, Richard.
_9146805
830 0 _aPolis paideia ;
_v16
_9224294
852 _aES-MaACL
_jA-11261
_9185308
_bR.145479
_cDEPO1
_dOlim: N-4265
_xDonación editorial
942 _2udc
999 _c178448
_d178448